000
00260nam a2200097Ia 4500
001
644242
005
20250826153601.0
008
250824s9999 xx 000 0 und d
245
0
_a
DEMİR MASKE GENÇLİK KLASİKLERİ
_c
ALEXANDRE DUMAS
260
_b
TİMAŞ ÇOCUK
999
_c
644242
_d
644242